Statystyki dla 15 najbardziej dotkniętych krajów Covid-19 - 5 czerwca

Kliknij tutaj aby rozwiązać quiz!

Ogólne statystyki

  • Ten quiz został rozwiązany 28 razy
  • Średni wynik to 11 z 25

Statystyki odpowiedzi

kraj% Poprawnych
Stany Zjednoczone
85%
Włochy
85%
Niemcy
81%
Francja
77%
Hiszpania
73%
Rosja
73%
Brazylia
69%
Wielka Brytania
65%
Meksyk
58%
Szwecja
50%
Belgia
46%
Indie
46%
Iran
46%
Turcja
46%
Chile
31%
Chile
31%
Białoruś
27%
Peru
27%
Arabia Saudyjska
19%
Irlandia
19%
Katar
15%
Kuwejt
15%
Singapur
15%
Bahrajn
12%
Armenia
4%

Rozkład punktacji

Percentyl według liczby udzielonych odpowiedzi

Procent ludzi z każdym wynikiem

Twoja historia wyników

Nie rozwiązałeś tego quizu